Understanding Nursing Research;Building an Evidence-Based Practice (Record no. 2332)

MARC details
000 -LEADER
fixed length control field 00382nam a22001457a 4500
008 - FIXED-LENGTH DATA ELEMENTS--GENERAL INFORMATION
fixed length control field 250314b |||||||| |||| 00| 0 eng d
020 ## - INTERNATIONAL STANDARD BOOK NUMBER
ISBN 978032353051
100 ## - MAIN ENTRY--AUTHOR
Author Grove Susan K
245 ## - TITLE STATEMENT
Title Understanding Nursing Research;Building an Evidence-Based Practice
250 ## - EDITION STATEMENT
Edition statement 7th
260 ## - PUBLICATION, DISTRIBUTION, ETC. (IMPRINT)
Place of publication Missouri
Name of publisher Elsevier
Date of publication 2019
300 ## - COLLATION
Pagination xxi,502p
942 ## - ADDED ENTRY ELEMENTS (KOHA)
Item type Books
050 ## - LIBRARY OF CONGRESS CALL NUMBER
Classification number RT81.5
Item number .U53
Holdings
Source of classification or shelving scheme Not for loan Permanent location Current location Date acquired Accession No. Full call number Barcode. Koha item type
Library of Congress Classification   Samuel Ogbemudia Main Library, University of Abuja Samuel Ogbemudia Main Library, University of Abuja 03/14/2025 2024/64251 RT81.5.U53 2025-0600 Books